[Event "Warsaw YMCA Summer-B 277th"]
[Site "Warsaw"]
[Date "2023.07.22"]
[Round "4"]
[White "Przybylik, Mariusz"]
[Black "Kozak, Jan"]
[Result "1-0"]
[WhiteElo "1162"]
[BlackElo "1316"]
[PlyCount "95"]
[EventDate "2023.07.04"]
[EventType "tourn"]
[EventRounds "10"]
[EventCountry "POL"]
[SourceTitle "EXT 2024"]
[Source "ChessBase"]
[SourceDate "2023.10.10"]
[SourceVersion "1"]
[SourceVersionDate "2023.10.10"]
[SourceQuality "1"]

1. d4 Nf6 2. Bf4 c5 3. e3 e6 4. c3 Nc6 5. Nf3 d5 6. Bd3 Bd7 7. 0-0 Be7 8. Nbd2 Nh5 9. Be5 cxd4 10. exd4 Qb6 11. Qc2 Nxe5 12. Nxe5 Bb5 13. Bxb5+ Qxb5 14. Rab1 f6 15. Nef3 0-0 16. Qb3 Qc6 17. g3 Bd6 18. Rfe1 Rae8 19. Re2 e5 20. dxe5 fxe5 21. Rbe1 Qc5 22. Ne4 Qc6 23. Nxd6 Qxd6 24. Rxe5 Rxe5 25. Rxe5 Nxg3 26. hxg3 Rxf3 27. Qxd5+ Qxd5 28. Rxd5 Kf8 29. Rd8+ Ke7 30. Rb8 b6 31. Rb7+ Kf6 32. Rxa7 Rd3 33. Ra6 Rd6 34. c4 Ke5 35. b3 Kd4 36. Kg2 Rf6 37. Ra7 Rg6 38. f4 h6 39. Kf3 h5 40. Rd7+ Kc3 41. Rd5 Kb2 42. Rxh5 Kxa2 43. Rb5 Kb2 44. f5 Rf6 45. Kf4 g6 46. b4 Kc3 47. Ke5 Rc6 48. f6 1-0

[Event "Warsaw YMCA Summer-B 277th"]
[Site "Warsaw"]
[Date "2023.07.20"]
[Round "3"]
[White "Przybylik, Mariusz"]
[Black "Dziolko, Wiktor"]
[Result "1/2-1/2"]
[WhiteElo "1162"]
[BlackElo "1225"]
[PlyCount "128"]
[EventDate "2023.07.04"]
[EventType "tourn"]
[EventRounds "10"]
[EventCountry "POL"]
[SourceTitle "EXT 2024"]
[Source "ChessBase"]
[SourceDate "2023.10.10"]
[SourceVersion "1"]
[SourceVersionDate "2023.10.10"]
[SourceQuality "1"]

1. d4 Nf6 2. Nf3 d5 3. Bf4 Bf5 4. e3 c5 5. Bd3 Bxd3 6. Qxd3 Qb6 7. Qb3 e6 8. 0-0 Nc6 9. c3 c4 10. Qc2 Nh5 11. Bg5 f6 12. Bh4 g5 13. Bg3 0-0-0 14. Nbd2 Nxg3 15. fxg3 Bd6 16. e4 h5 17. exd5 exd5 18. Qf5+ Kb8 19. Qxd5 g4 20. Nxc4 Qc7 21. Nxd6 Rxd6 22. Qb3 gxf3 23. Rxf3 h4 24. gxh4 Na5 25. Qc2 Rxd4 26. Rxf6 Rdxh4 27. h3 Rg8 28. Qf2 Qg7 29. Rf8+ Qxf8 30. Qxh4 Qf3 31. Qf2 Qxh3 32. Rf1 Qg4 33. Qf4+ Kc8 34. Qf5+ Qxf5 35. Rxf5 b6 36. Rd5 Kc7 37. Rd4 Kc6 38. Ra4 Rd8 39. Rf4 Rd2 40. Rf2 Nc4 41. Rxd2 Nxd2 42. Kf2 Kd5 43. Ke2 Nc4 44. b3 Nd6 45. Kd3 Nf7 46. c4+ Kc5 47. Kc3 Nh6 48. b4+ Kd6 49. Kb3 Ng4 50. Ka4 Kc6 51. c5 b5+ 52. Ka5 Ne3 53. g3 Nc2 54. g4 Nd4 55. Ka6 Nc2 56. g5 Nxb4+ 57. Kxa7 Nd5 58. Ka6 Kxc5 59. g6 b4 60. Ka5 Nf6 61. g7 Ng8 62. Ka4 Ne7 63. a3 bxa3 64. Kxa3 Kd6 1/2-1/2

[Event "Warsaw YMCA Summer-B 277th"]
[Site "Warsaw"]
[Date "2023.07.06"]
[Round "2"]
[White "Kozera, Konrad"]
[Black "Przybylik, Mariusz"]
[Result "1-0"]
[WhiteElo "1202"]
[BlackElo "1162"]
[PlyCount "51"]
[EventDate "2023.07.04"]
[EventType "tourn"]
[EventRounds "10"]
[EventCountry "POL"]
[SourceTitle "EXT 2024"]
[Source "ChessBase"]
[SourceDate "2023.10.10"]
[SourceVersion "1"]
[SourceVersionDate "2023.10.10"]
[SourceQuality "1"]

1. e4 c5 2. Nf3 Nc6 3. d4 cxd4 4. Nxd4 d6 5. Nc3 Nf6 6. f3 g6 7. Be3 Bg7 8. Qd2 0-0 9. 0-0-0 Nxd4 10. Bxd4 a6 11. Bc4 b5 12. Bb3 Qc7 13. g4 Bb7 14. h4 h5 15. gxh5 Nxh5 16. Qg5 e6 17. Bxg7 Kxg7 18. Rhg1 Qc5 19. Qg2 Qe3+ 20. Kb1 Rad8 21. Ne2 Rfe8 22. Rd3 Qc5 23. Rc3 Qe5 24. Rc7 Rb8 25. Qxg6+ Kh8 26. Qh6# 1-0

[Event "Warsaw YMCA Summer-B 262nd"]
[Site "Warsaw"]
[Date "2022.08.10"]
[Round "9"]
[White "Przybylik, Mariusz"]
[Black "Zawadzki, Wojciech"]
[Result "1-0"]
[WhiteElo "1086"]
[BlackElo "1367"]
[PlyCount "63"]
[EventDate "2022.06.29"]
[EventType "swiss"]
[EventRounds "10"]
[EventCountry "POL"]
[SourceTitle "EXT 2023"]
[Source "ChessBase"]
[SourceDate "2022.10.05"]
[SourceVersion "1"]
[SourceVersionDate "2022.10.05"]
[SourceQuality "1"]

1. d4 Nf6 2. Bf4 e6 3. e3 c5 4. Nf3 Nc6 5. c3 d5 6. Nbd2 Nh5 7. Bg5 Qb6 8. Qb3 c4 9. Qc2 h6 10. Bh4 g5 11. Bg3 Nxg3 12. fxg3 Qc7 13. Be2 b5 14. a3 f5 15. 0-0 Bd6 16. a4 g4 17. Nh4 Bxg3 18. hxg3 Qxg3 19. Ng6 Qxe3+ 20. Kh1 Rg8 21. Nf4 b4 22. cxb4 Qg3 23. Qc3 Qh4+ 24. Kg1 g3 25. Nh3 Nxd4 26. Bd1 Rg4 27. Nf3 Nxf3+ 28. Rxf3 f4 29. Qe5 Bb7 30. Qxe6+ Kf8 31. Qd6+ Kg7 32. Qc7+ 1-0

[Event "Warsaw YMCA Summer-B 262nd"]
[Site "Warsaw"]
[Date "2022.07.25"]
[Round "6"]
[White "Przybylik, Mariusz"]
[Black "Kozak, Jan"]
[Result "0-1"]
[WhiteElo "1086"]
[BlackElo "1315"]
[PlyCount "130"]
[EventDate "2022.06.29"]
[EventType "swiss"]
[EventRounds "10"]
[EventCountry "POL"]
[SourceTitle "EXT 2023"]
[Source "ChessBase"]
[SourceDate "2022.10.05"]
[SourceVersion "1"]
[SourceVersionDate "2022.10.05"]
[SourceQuality "1"]

1. d4 c5 2. Bf4 cxd4 3. Bxb8 Rxb8 4. Qxd4 Nf6 5. e3 Qc7 6. Nc3 e5 7. Qc4 Qxc4 8. Bxc4 Bb4 9. Nge2 b5 10. Bb3 Ne4 11. 0-0 Bxc3 12. Nxc3 Nxc3 13. bxc3 Ke7 14. Rfd1 d6 15. a4 a5 16. axb5 Rxb5 17. Rd5 Rxd5 18. Bxd5 Be6 19. Bxe6 Kxe6 20. Rxa5 Rc8 21. Ra3 Rb8 22. Ra1 Rb2 23. Rc1 Kd5 24. g3 Kc4 25. Ra1 Rb7 26. Ra3 d5 27. Kf1 Rb1+ 28. Ke2 Rc1 29. Kd2 Rf1 30. Ra4+ Kb5 31. Rb4+ Kc6 32. Ke2 Rc1 33. Rb2 g5 34. Ra2 Kb6 35. Kf3 Rh1 36. Kg2 Rc1 37. h3 h5 38. Ra8 Rxc2 39. Rf8 Rxc3 40. Rxf7 d4 41. exd4 exd4 42. Rd7 Kc5 43. Kf1 Kc4 44. Re7 Kd3 45. f4 gxf4 46. gxf4 Rc5 47. Re5 Rc1+ 48. Kf2 Kc3 49. f5 d3 50. Rc5+ Kd2 51. Rd5 Kc2 52. Rc5+ Kd1 53. Rd5 d2 54. f6 Rc6 55. Ke3 Re6+ 56. Kd3 Rxf6 57. Rxh5 Rd6+ 58. Ke3 Ke1 59. Rg5 Re6+ 60. Kf4 Rf6+ 61. Ke3 d1Q 62. Rg1+ Rf1 63. Rg4 Qf3+ 64. Kd4 Qxh3 65. Re4+ Kd2 0-1

[Event "Warsaw YMCA Summer-B 262nd"]
[Site "Warsaw"]
[Date "2022.07.21"]
[Round "2"]
[White "Przybylik, Mariusz"]
[Black "Czubaj, Mariusz"]
[Result "1-0"]
[WhiteElo "1086"]
[BlackElo "1101"]
[PlyCount "71"]
[EventDate "2022.06.29"]
[EventType "swiss"]
[EventRounds "10"]
[EventCountry "POL"]
[SourceTitle "EXT 2023"]
[Source "ChessBase"]
[SourceDate "2022.10.05"]
[SourceVersion "1"]
[SourceVersionDate "2022.10.05"]
[SourceQuality "1"]

1. e4 c6 2. Nf3 d5 3. exd5 cxd5 4. Bb5+ Nc6 5. Ne5 Qc7 6. d4 a6 7. Bxc6+ bxc6 8. 0-0 e6 9. Nd2 Bd6 10. Ndf3 Ne7 11. c3 0-0 12. Re1 Re8 13. Nxf7 Kxf7 14. Ng5+ Kf6 15. Qf3+ Nf5 16. g4 g6 17. gxf5 gxf5 18. Qh5 Rg8 19. Kh1 Qg7 20. Nxh7+ Ke7 21. Bg5+ Kd7 22. Nf6+ Kc7 23. Nxg8 Qxg8 24. Rg1 Bd7 25. Bf4 Qb8 26. Bxd6+ Kxd6 27. Qe2 Kc7 28. Qe5+ Kb7 29. Qxb8+ Rxb8 30. Rg7 Kc7 31. b3 Kd6 32. h4 Rh8 33. Kg2 Rxh4 34. Rh1 Rxh1 35. Kxh1 c5 36. dxc5+ 1-0

[Event "Warsaw YMCA Autumn-D 223rd"]
[Site "Warsaw"]
[Date "2019.11.19"]
[Round "10"]
[White "Przybylik, Mariusz"]
[Black "Szopa, Andrzej1111"]
[Result "1-0"]
[WhiteElo "1142"]
[BlackElo "1089"]
[PlyCount "117"]
[EventDate "2019.09.19"]
[EventType "tourn"]
[EventRounds "13"]
[EventCountry "POL"]
[SourceTitle "CBM 195 Extra"]
[Source "ChessBase"]
[SourceDate "2020.05.31"]
[SourceVersion "1"]
[SourceVersionDate "2020.05.31"]
[SourceQuality "1"]

1. e4 e6 2. Nf3 d5 3. exd5 exd5 4. d4 Nf6 5. Bd3 Be6 6. 0-0 Bd6 7. Ng5 Nc6 8. c3 Bg4 9. Be2 Bf5 10. Bb5 0-0 11. Nf3 Be4 12. Bg5 h6 13. Bh4 g5 14. Bg3 Bxg3 15. fxg3 Ng4 16. Re1 f5 17. Nbd2 Qd6 18. Bxc6 bxc6 19. Nxe4 dxe4 20. Nd2 Rae8 21. Nc4 Qd5 22. Ne3 Nxe3 23. Rxe3 f4 24. gxf4 gxf4 25. Qg4+ Qg5 26. Qxg5+ hxg5 27. Re2 f3 28. gxf3 exf3 29. Rxe8 Rxe8 30. Kf2 g4 31. Re1 Rxe1 32. Kxe1 Kf7 33. Kf2 Ke6 34. h3 gxh3 35. Kxf3 h2 36. Kg2 h1Q+ 37. Kxh1 Kd5 38. Kg2 Ke4 39. Kg3 Kd3 40. Kf4 Kc2 41. Ke5 Kxb2 42. c4 Kc3 43. c5 Kc4 44. Ke4 a5 45. Ke5 a4 46. Ke4 a3 47. Ke5 Kc3 48. d5 Kb2 49. d6 cxd6+ 50. cxd6 Kxa2 51. d7 Kb1 52. d8Q a2 53. Qd1+ Kb2 54. Qd4+ Kb1 55. Qb4+ Kc2 56. Qa3 Kb1 57. Qb3+ Ka1 58. Qc2 c5 59. Qc1# 1-0

[Event "Warsaw YMCA Autumn-D 223rd"]
[Site "Warsaw"]
[Date "2019.10.22"]
[Round "6"]
[White "Przybylik, Mariusz"]
[Black "Oles, Jan"]
[Result "1/2-1/2"]
[WhiteElo "1142"]
[BlackElo "1293"]
[PlyCount "119"]
[EventDate "2019.09.19"]
[EventType "tourn"]
[EventRounds "13"]
[EventCountry "POL"]
[SourceTitle "CBM 195 Extra"]
[Source "ChessBase"]
[SourceDate "2020.05.31"]
[SourceVersion "1"]
[SourceVersionDate "2020.05.31"]
[SourceQuality "1"]

1. e4 e5 2. Nf3 d6 3. d4 exd4 4. Nxd4 Nf6 5. Nc3 Be7 6. Bd3 c5 7. Bb5+ Bd7 8. Bxd7+ Nbxd7 9. Nf5 0-0 10. 0-0 Nb8 11. Bf4 Nc6 12. Nxe7+ Nxe7 13. Bxd6 Rc8 14. Bxe7 Qxe7 15. f3 Rfd8 16. Qe2 Nh5 17. Rfd1 Qg5 18. Rxd8+ Rxd8 19. Nd5 Re8 20. Rd1 f5 21. Qc4 Kh8 22. exf5 Qxf5 23. Qd3 Qe5 24. Nc3 Qg5 25. Qf1 Nf4 26. g3 h5 27. Ne4 Qg6 28. Rd6 Ne6 29. Qc4 b6 30. Qd5 Qf7 31. f4 Nd8 32. Rxd8 Qxd5 33. Rxd5 Rxe4 34. Rd7 Re2 35. Rxa7 Rxc2 36. b3 Kh7 37. Rb7 Rxa2 38. Rxb6 Rc2 39. Rc6 Kg8 40. b4 c4 41. b5 c3 42. b6 Rc1+ 43. Kg2 Rb1 44. Rxc3 Rxb6 45. Rc5 g6 46. Rc7 Rb2+ 47. Kh3 Rf2 48. Rc5 Kg7 49. Rc1 h4 50. Kxh4 Rxh2+ 51. Kg4 Kh6 52. Rc6 Rf2 53. Rc5 Rg2 54. f5 gxf5+ 55. Rxf5 Kg6 56. Rf3 Rh2 57. Kf4 Kh5 58. Kf5 Rg2 59. Ke4 Kg4 60. Re3 1/2-1/2

[Event "Warsaw YMCA Summer-C 219th"]
[Site "Warsaw"]
[Date "2019.07.23"]
[Round "10"]
[White "Sloniewski, Jakub"]
[Black "Przybylik, Mariusz"]
[Result "1-0"]
[WhiteElo "1283"]
[BlackElo "1153"]
[PlyCount "73"]
[EventDate "2019.07.02"]
[EventType "tourn"]
[EventRounds "10"]
[EventCountry "POL"]
[SourceTitle "CBM 195 Extra"]
[Source "ChessBase"]
[SourceDate "2020.05.31"]
[SourceVersion "1"]
[SourceVersionDate "2020.05.31"]
[SourceQuality "1"]

1. e4 c5 2. Nf3 Nc6 3. d4 cxd4 4. Nxd4 d6 5. Bc4 Nf6 6. Nc3 g6 7. Nxc6 bxc6 8. e5 Nh5 9. exd6 Qxd6 10. 0-0 Qxd1 11. Rxd1 Bg7 12. Rd3 Bf5 13. Rf3 0-0 14. Bb3 Rad8 15. Bg5 Nf6 16. Re1 Rd7 17. Rfe3 e6 18. h3 h5 19. Kh1 Nd5 20. Nxd5 cxd5 21. f3 d4 22. R3e2 d3 23. Rd2 Bxb2 24. g4 f6 25. gxf5 Kg7 26. fxe6 Re7 27. cxd3 Bc3 28. Rc1 Bxd2 29. Bxd2 Rd8 30. Bb4 Rb7 31. e7 Rg8 32. Bxg8 Kxg8 33. Rc8+ Kh7 34. e8Q Kh6 35. Bd2+ g5 36. Qh8+ Rh7 37. Qxf6# 1-0

[Event "Warsaw YMCA Spring-D 216th"]
[Site "Warsaw"]
[Date "2019.04.30"]
[Round "4"]
[White "Przybylik, Mariusz"]
[Black "Ossolinski, Lukasz"]
[Result "1/2-1/2"]
[WhiteElo "1099"]
[BlackElo "1346"]
[PlyCount "64"]
[EventDate "2019.04.09"]
[EventType "tourn"]
[EventRounds "11"]
[EventCountry "POL"]
[SourceTitle "CBM 195 Extra"]
[Source "ChessBase"]
[SourceDate "2020.05.31"]
[SourceVersion "1"]
[SourceVersionDate "2020.05.31"]
[SourceQuality "1"]

1. e4 e6 2. d4 d5 3. Nc3 Nf6 4. exd5 Nxd5 5. Nf3 Be7 6. Bc4 0-0 7. Bxd5 exd5 8. 0-0 Bg4 9. h3 Bh5 10. Qd3 c6 11. Ne2 Bg6 12. Qd1 Na6 13. c3 Bd6 14. Bf4 Nc7 15. Bxd6 Qxd6 16. Ng3 Rfe8 17. Re1 Rxe1+ 18. Qxe1 Re8 19. Qd2 f6 20. Re1 Rxe1+ 21. Qxe1 Qe6 22. Qd2 Ne8 23. Nh4 Nd6 24. Nxg6 hxg6 25. b3 Kf7 26. Qe3 Qxe3 27. fxe3 Nb5 28. Ne2 Nd6 29. Ng3 Ke6 30. Kf2 Nb5 31. Ne2 Nd6 32. Ng3 Nb5 1/2-1/2

[Event "Warsaw YMCA Spring-D 216th"]
[Site "Warsaw"]
[Date "2019.04.09"]
[Round "1"]
[White "Przybylik, Alicja"]
[Black "Przybylik, Mariusz"]
[Result "0-1"]
[WhiteElo "1009"]
[BlackElo "1099"]
[PlyCount "92"]
[EventDate "2019.04.09"]
[EventType "tourn"]
[EventRounds "11"]
[EventCountry "POL"]
[SourceTitle "CBM 195 Extra"]
[Source "ChessBase"]
[SourceDate "2020.05.31"]
[SourceVersion "1"]
[SourceVersionDate "2020.05.31"]
[SourceQuality "1"]

1. e4 c5 2. Nf3 Nc6 3. d4 cxd4 4. Nxd4 g6 5. Nc3 Bg7 6. Be3 Nf6 7. Nxc6 bxc6 8. e5 Ng8 9. Bd4 e6 10. Bd3 Ne7 11. Qf3 Qa5 12. 0-0 Bxe5 13. b4 Qc7 14. Qe4 Bxd4 15. Qxd4 0-0 16. Ne4 e5 17. Qc5 Nf5 18. Nf6+ Kg7 19. Nxh7 d6 20. Qc4 Kxh7 21. Bxf5 Bxf5 22. c3 a6 23. a4 c5 24. h3 Be6 25. Qd3 cxb4 26. cxb4 Rfd8 27. Rac1 Qb6 28. b5 axb5 29. axb5 Ra5 30. Rb1 Rc8 31. Rb4 Kg7 32. Rd1 Rc5 33. Qxd6 Qxd6 34. Rxd6 Raxb5 35. Re4 Rc2 36. f3 Rbb2 37. Rxe5 Rxg2+ 38. Kh1 Rh2+ 39. Kg1 Rbg2+ 40. Kf1 Bc4+ 41. Re2 Bxe2+ 42. Ke1 Rg1+ 43. Kd2 Bxf3+ 44. Ke3 Rxh3 45. Kf2 Rg4 46. Kf1 Rg2 0-1

[Event "Warsaw YMCA Autumn-D 208th"]
[Site "Warsaw"]
[Date "2018.11.29"]
[Round "11"]
[White "Przybylik, Mariusz"]
[Black "Wyczesany, Dariusz"]
[Result "0-1"]
[WhiteElo "1125"]
[BlackElo "1397"]
[PlyCount "104"]
[EventDate "2018.09.18"]
[EventType "tourn"]
[EventRounds "13"]
[EventCountry "POL"]
[SourceTitle "EXT 2021"]
[Source "ChessBase"]
[SourceDate "2020.10.23"]
[SourceVersion "1"]
[SourceVersionDate "2020.10.23"]
[SourceQuality "1"]

1. e4 d6 2. Nf3 Nf6 3. Nc3 g6 4. Bc4 Nbd7 5. 0-0 Bg7 6. d3 0-0 7. Be3 c6 8. Bb3 b5 9. a3 a5 10. Ba2 Qc7 11. Qd2 Ng4 12. Bf4 e5 13. Bg3 Nc5 14. h3 Nf6 15. Kh1 Ne6 16. Ne2 Bd7 17. c3 a4 18. c4 c5 19. Nc3 b4 20. axb4 cxb4 21. Nd5 Nxd5 22. cxd5 Nc5 23. Bc4 Rfb8 24. Ne1 f5 25. Qe2 f4 26. Bh2 Qc8 27. f3 Bf6 28. Nc2 h5 29. Rab1 g5 30. Kg1 Kg7 31. Kf2 Ra7 32. Bg1 Rc7 33. Rfc1 g4 34. hxg4 Bh4+ 35. Kf1 hxg4 36. Bf2 Bxf2 37. Qxf2 g3 38. Qd2 Qh8 39. Ke2 Qh2 40. Rg1 Bh3 41. Kf1 Rcb7 42. d4 Nb3 43. Bxb3 axb3 44. Na1 Bd7 45. Re1 Bb5+ 46. Re2 Rc8 47. Nxb3 Rbc7 48. dxe5 Rc2 49. Nd4 Rc1+ 50. Qe1 Rxe1+ 51. Kxe1 Qxg1+ 52. Kd2 Qc1# 0-1

[Event "Warsaw YMCA Autumn-D 208th"]
[Site "Warsaw"]
[Date "2018.10.16"]
[Round "5"]
[White "Przybylik, Mariusz"]
[Black "Szopa, Andrzej1111"]
[Result "1-0"]
[WhiteElo "1125"]
[BlackElo "1033"]
[PlyCount "120"]
[EventDate "2018.09.18"]
[EventType "tourn"]
[EventRounds "13"]
[EventCountry "POL"]
[SourceTitle "EXT 2021"]
[Source "ChessBase"]
[SourceDate "2020.10.23"]
[SourceVersion "1"]
[SourceVersionDate "2020.10.23"]
[SourceQuality "1"]

1. e4 c6 2. Nf3 d5 3. exd5 cxd5 4. d4 Bf5 5. Bb5+ Nc6 6. 0-0 a6 7. Ba4 b5 8. Bb3 Na5 9. Nc3 e6 10. Re1 Nxb3 11. axb3 h6 12. Ne5 Nf6 13. Ne2 Bd6 14. Ng3 Bh7 15. Qf3 0-0 16. c3 Qc7 17. Bxh6 Kh8 18. Bf4 Ne4 19. Nd3 Nxg3 20. Bxg3 Be4 21. Qh5+ Kg8 22. Bxd6 Qxd6 23. Nc5 Bg6 24. Qh3 Bf5 25. Qg3 Qc6 26. b4 f6 27. Ra3 Ra7 28. Qe3 Kf7 29. Rea1 Rfa8 30. f3 Qb6 31. Re1 Rh8 32. g4 Qd6 33. Re2 Bg6 34. Qxe6+ Qxe6 35. Rxe6 a5 36. Rxa5 Rxa5 37. bxa5 Ra8 38. a6 Kf8 39. Rb6 Be8 40. Ne6+ Kf7 41. Nc7 Ra7 42. Nxe8 Kxe8 43. Rb8+ Kd7 44. Rxb5 Kc6 45. Ra5 Kb6 46. Ra3 Rxa6 47. Rxa6+ Kxa6 48. Kf2 Kb5 49. Ke3 Kc4 50. Kd2 Kb3 51. Kc1 g5 52. h3 Kc4 53. Kc2 Kb5 54. b3 Ka5 55. Kd3 Kb5 56. c4+ Kc6 57. cxd5+ Kxd5 58. b4 Ke6 59. Ke4 Kf7 60. b5 Ke7 1-0